MEDICAL ELECTRONIC RECORDS EDUCATION PROGRAMS (Record no. 8575)

MARC details
000 -LEADER
fixed length control field 00443nam a22001577a 4500
020 ## - INTERNATIONAL STANDARD BOOK NUMBER
ISBN 9789354662485
050 ## - CALL NUMBER
Classification number R858
Item number .M73
100 ## - AUTHOR
Personal name Mogli, Goverdhan Das
245 ## - TITLE
Title MEDICAL ELECTRONIC RECORDS EDUCATION PROGRAMS
Statement of responsibility, etc Goverdhan Das Mogli
260 ## - PUBLICATION INFORMATION
Place of publication New Delhi
Name of publisher CBS PUBLISHERS & DISTRIBU,
Year of publication 2025
300 ## - DESCRIPTION
Number of Pages 360p.
Other physical details ill.
Dimensions 24cm.
650 ## - SUBJECTS
Topical Term Electronic Health Records
650 ## - SUBJECTS
Topical Term Software
942 ## - ADDED ENTRY ELEMENTS (KOHA)
Koha item type Books
Holdings
Withdrawn status Lost status Collection code Home library Current library Shelving location Date acquired Source of acquisition Full call number Accession Number Koha item type
    Reference Methodist University Library Main Methodist University Library Main General Stacks 23/02/2026 Affordable pages R858 .M73 9363 Books
    Reference Methodist University Library Main Methodist University Library Main General Stacks 23/02/2026 Affordable pages R858 .M73 9364 Books
Copyright © 2026  MUG Library